Music Quiz

Random Music or Song Quiz

Songs: Pearl Jam-Ten Quiz Stats

 Plays Quiz not verified by Sporcle

Score 0/11 Timer 05:00
0 Plays Today
Track # Song name % Correct
3Alive
97.6%
6Jeremy
97.2%
5Black
96.3%
2Even Flow
95%
1Once
92.6%
8Porch
88.3%
7Oceans
87.4%
4Why Go
85%
11Release
85%
9Garden
84.3%
10Deep
76.9%

You're not logged in!

Compare scores with friends on all Sporcle quizzes.
OR
Log In

Show Comments

Extras

Top Quizzes Today


Score Distribution

Your Account Isn't Verified!

In order to create a playlist on Sporcle, you need to verify the email address you used during registration. Go to your Sporcle Settings to finish the process.

Report this User

Report this user for behavior that violates our Community Guidelines.

Details: